[Event "Rodgers mem."]
[Site "Ottawa CAN"]
[Date "2011.10.20"]
[Round "5"]
[White "Pacey, Kevin"]
[Black "Doubleday, William"]
[Result "1-0"]
[WhiteElo "2284"]
[BlackElo "2087"]
[PlyCount "51"]
[GameId "2160767909648284"]
[EventDate "2011.09.22"]
[EventType "swiss"]
[EventRounds "7"]
[EventCountry "CAN"]

1. d4 d5 2. Nf3 Nf6 3. c4 c6 4. Nc3 e6 5. Bg5 dxc4 6. e4 b5 7. e5 h6 8. Bh4 g5 9. exf6 gxh4 10. Ne5 Bb7 11. Nxf7 Qxf6 12. Nxh8 Qxh8 13. Qh5+ Kd8 14. Be2 Nd7 15. Qxh4+ Kc7 16. O-O Qg7 17. a4 b4 18. Ne4 Qxd4 19. Rfd1 Qxb2 20. Rxd7+ Kxd7 21. Rd1+ Kc7 22. Qf4+ e5 23. Qf7+ Kb6 24. a5+ Kb5 25. Bxc4+ Ka4 26. Qxb7 1-0

[Event "Rodgers mem."]
[Site "Ottawa CAN"]
[Date "2011.10.27"]
[Round "6"]
[White "Pacey, Kevin"]
[Black "Desjardins, Michel"]
[Result "1/2-1/2"]
[WhiteElo "2273"]
[BlackElo "2003"]
[PlyCount "95"]
[GameId "2160767909648285"]
[EventDate "2011.09.22"]
[EventType "swiss"]
[EventRounds "7"]
[EventCountry "CAN"]

1. d4 d5 2. e4 dxe4 3. Nc3 Nf6 4. f3 exf3 5. Nxf3 g6 6. Bc4 Bg7 7. O-O O-O 8. Bg5 Nc6 9. Qd2 Bg4 10. Rad1 a6 11. a3 Bxf3 12. Rxf3 Ng4 13. Qf4 Bxd4+ 14. Rxd4 Qxd4+ 15. Qxd4 Nxd4 16. Rf4 e5 17. Rxg4 Kg7 18. Nd5 f6 19. Bd2 Rac8 20. Ne7 Rcd8 21. Bb4 f5 22. Rh4 Nxc2 23. Bc3 Nd4 24. Nd5 b5 25. Rxd4 exd4 26. Bxd4+ Kh6 27. Bb3 Rxd5 28. Bxd5 Rd8 29. Be3+ f4 30. Bxf4+ g5 31. Bb7 gxf4 32. Bxa6 c6 33. Bb7 Rd6 34. Kf2 Kg5 35. Kf3 Kf5 36. g4+ fxg3 37. Kxg3 Ke4 38. Kg4 Kd3 39. Bc8 Rh6 40. Bf5+ Kd2 41. h4 Kc1 42. b3 c5 43. Kg5 Ra6 44. a4 bxa4 45. bxa4 Rxa4 46. Bxh7 c4 47. h5 c3 48. h6 1/2-1/2

[Event "Rodgers mem."]
[Site "Ottawa CAN"]
[Date "2011.11.03"]
[Round "7"]
[White "Keren, Yoni"]
[Black "Pacey, Kevin"]
[Result "0-1"]
[WhiteElo "2100"]
[BlackElo "2273"]
[PlyCount "84"]
[GameId "2160767909648286"]
[EventDate "2011.09.22"]
[EventType "swiss"]
[EventRounds "7"]
[EventCountry "CAN"]

1. d4 e6 2. c4 d5 3. Nc3 Be7 4. Bf4 Nf6 5. e3 O-O 6. Nf3 c5 7. dxc5 Bxc5 8. cxd5 exd5 9. Be2 Nc6 10. O-O Be6 11. Rc1 Rc8 12. a3 a6 13. Nxd5 Qxd5 14. Qxd5 Nxd5 15. Rxc5 Nxf4 16. exf4 Nd4 17. Re5 Nxe2+ 18. Rxe2 Bc4 19. Re7 Bxf1 20. Kxf1 Rfe8 21. Rxe8+ Rxe8 22. Ne5 Rc8 23. Ke1 f6 24. Nd3 Kf7 25. Kd2 Ke6 26. b4 b6 27. Nb2 Kf5 28. Na4 Rc6 29. Ke3 h5 30. h3 g6 31. Kf3 Ke6 32. Ke4 f5+ 33. Kd4 Rd6+ 34. Kc3 Kd5 35. f3 h4 36. Nb2 Rc6+ 37. Kd2 Kd4 38. Nd3 Rc3 39. Ne5 Rxa3 40. Nxg6 Ra2+ 41. Kc1 Kc3 42. Kb1 Rb2+ 0-1

[Event "Scarborough CC Falling Leaves"]
[Site "Toronto CAN"]
[Date "2011.11.03"]
[Round "1"]
[White "Armstrong, Robert J"]
[Black "Posaratnanathan, Juliaan"]
[Result "0-1"]
[WhiteElo "1724"]
[BlackElo "1878"]
[PlyCount "64"]
[GameId "2160767909639342"]
[EventDate "2011.11.03"]
[EventType "swiss"]
[EventRounds "7"]
[EventCountry "CAN"]

1. d4 Nf6 2. c4 e6 3. Nf3 Bb4+ 4. Bd2 Qe7 5. a3 Bxd2+ 6. Qxd2 O-O 7. Nc3 Nc6 8. e4 d6 9. Bd3 e5 10. Nd5 Nxd5 11. cxd5 Nxd4 12. Nxd4 exd4 13. O-O c5 14. dxc6 bxc6 15. b4 c5 16. Rfe1 Be6 17. f4 f6 18. Rac1 Rac8 19. Bc4 Bxc4 20. Rxc4 Rc7 21. Qc2 Re8 22. bxc5 dxc5 23. e5 Rec8 24. e6 Rd8 25. f5 d3 26. Qd2 Qd6 27. Rg4 c4 28. Qc3 d2 29. Rd1 Qd3 30. Rg3 Qe2 31. Qf3 Qxf3 32. Rxf3 c3 0-1

[Event "Scarborough CC Falling Leaves"]
[Site "Toronto CAN"]
[Date "2011.11.03"]
[Round "1"]
[White "Bao, Stephen"]
[Black "Rutherdale, William"]
[Result "1-0"]
[WhiteElo "1852"]
[BlackElo "1703"]
[PlyCount "113"]
[GameId "2160767909639343"]
[EventDate "2011.11.03"]
[EventType "swiss"]
[EventRounds "7"]
[EventCountry "CAN"]

1. e4 e5 2. Nf3 Nc6 3. Bb5 a6 4. Ba4 b5 5. Bb3 Bb7 6. O-O Bc5 7. c3 Nf6 8. d4 Bb6 9. Bg5 d6 10. Bd5 Qe7 11. Nh4 h6 12. Nf5 Qf8 13. Bxf6 gxf6 14. Qf3 O-O-O 15. Ng3 Qg7 16. Nh5 Qg5 17. Bxf7 exd4 18. Qxf6 Ne5 19. Be6+ Kb8 20. Qxg5 hxg5 21. Ng3 Nd3 22. b3 dxc3 23. Nxc3 Bd4 24. Rad1 Bxc3 25. Rxd3 Be5 26. h3 Rdf8 27. Bf5 Ka7 28. Ne2 Rh4 29. f3 Kb6 30. Nd4 Bxd4+ 31. Rxd4 Rxf5 32. g3 Rxe4 33. fxe4 Rxf1+ 34. Kxf1 Kc5 35. Rd2 Bxe4 36. a3 d5 37. Kf2 Kd6 38. b4 c5 39. bxc5+ Kxc5 40. Ke3 a5 41. h4 gxh4 42. gxh4 b4 43. axb4+ axb4 44. Rb2 Kc4 45. Kd2 b3 46. h5 Kb4 47. h6 Ka3 48. Kc1 Kb4 49. Rh2 Bh7 50. Kb2 Kc4 51. Rg2 d4 52. Rg7 Bc2 53. h7 Bxh7 54. Rxh7 Kd3 55. Kxb3 Ke2 56. Rd7 d3 57. Kc3 1-0

[Event "Scarborough CC Falling Leaves"]
[Site "Toronto CAN"]
[Date "2011.11.03"]
[Round "1"]
[White "Huston, Scott"]
[Black "Lin, Tony (Juntao)"]
[Result "1/2-1/2"]
[WhiteElo "1815"]
[BlackElo "2024"]
[PlyCount "53"]
[GameId "2160767909639344"]
[EventDate "2011.11.03"]
[EventType "swiss"]
[EventRounds "7"]
[EventCountry "CAN"]

1. d4 e6 2. c4 f5 3. Nc3 Nf6 4. g3 Be7 5. Bg2 O-O 6. Bf4 d6 7. Qb3 Nc6 8. Nf3 Ne4 9. Qc2 Nxc3 10. bxc3 Bf6 11. h4 e5 12. Bg5 e4 13. Bxf6 Qxf6 14. Nd2 Na5 15. Qa4 b6 16. Nb3 Nxb3 17. axb3 Bb7 18. e3 Rae8 19. Ke2 a6 20. Qa2 Qf7 21. h5 g5 22. hxg6 hxg6 23. Rh6 Kg7 24. Rah1 Rh8 25. Rxh8 Rxh8 26. Rxh8 Kxh8 27. Qd2 1/2-1/2

[Event "Scarborough CC Falling Leaves"]
[Site "Toronto CAN"]
[Date "2011.11.03"]
[Round "1"]
[White "Krupka, David"]
[Black "Fan, Yibing"]
[Result "1-0"]
[WhiteElo "1992"]
[BlackElo "1745"]
[PlyCount "61"]
[GameId "2160767909639345"]
[EventDate "2011.11.03"]
[EventType "swiss"]
[EventRounds "7"]
[EventCountry "CAN"]

1. d4 d5 2. c4 dxc4 3. e3 Nf6 4. Bxc4 e6 5. Nf3 Be7 6. O-O O-O 7. Nc3 b6 8. Qe2 Bb7 9. e4 c6 10. Bf4 Qc8 11. Rac1 Nh5 12. Be3 Ba6 13. e5 g6 14. Ne4 Bxc4 15. Qxc4 Qd7 16. Rfd1 b5 17. Qc2 Qd5 18. b3 a5 19. Bh6 Re8 20. Bg5 Kg7 21. Be3 f5 22. Nc5 f4 23. Bd2 Rc8 24. Qe4 Qxe4 25. Nxe4 h6 26. Nc5 Kf7 27. a4 b4 28. Rc2 Ra7 29. Rdc1 Na6 30. Ne4 Nb8 31. Ne1 1-0

[Event "Scarborough CC Falling Leaves"]
[Site "Toronto CAN"]
[Date "2011.11.03"]
[Round "1"]
[White "Uddin, Mohammad"]
[Black "Southam, David"]
[Result "1/2-1/2"]
[WhiteElo "1826"]
[BlackElo "2154"]
[PlyCount "112"]
[GameId "2160767909639346"]
[EventDate "2011.11.03"]
[EventType "swiss"]
[EventRounds "7"]
[EventCountry "CAN"]

1. e4 e6 2. d4 d5 3. Nd2 Be7 4. Ngf3 Nf6 5. e5 Nfd7 6. Bd3 c5 7. c3 Nc6 8. O-O g5 9. dxc5 g4 10. Nd4 Ncxe5 11. Bb5 Bxc5 12. N2b3 Bd6 13. f4 gxf3 14. Nxf3 Nxf3+ 15. Qxf3 Qb6+ 16. Nd4 e5 17. Bxd7+ Bxd7 18. Qf6 Rf8 19. Bh6 Be7 20. Qxe5 Qxh6 21. Rae1 Be6 22. Nf5 Qg5 23. Ng7+ Kd7 24. Nxe6 fxe6 25. Qxe6+ Ke8 26. Rxf8+ Kxf8 27. Rf1+ Ke8 28. Qf7+ Kd7 29. Qxh7 Rg8 30. Qh3+ Qg4 31. Qxg4+ Rxg4 32. Rd1 Kc6 33. Kf2 Re4 34. Kf3 Bc5 35. Rd3 Bd6 36. g3 Re1 37. Rd2 Ra1 38. a3 Rg1 39. Re2 Kd7 40. Ke3 Be5 41. Kf2 Rh1 42. Kg2 Rd1 43. Rxe5 Rd2+ 44. Kh3 Kd6 45. Re3 Rxb2 46. g4 Rb3 47. g5 d4 48. Rf3 Rxc3 49. Kg4 Rxf3 50. Kxf3 Ke5 51. h4 b5 52. g6 Kf6 53. g7 Kxg7 54. Ke4 a5 55. Kxd4 Kh6 56. Kc5 b4 1/2-1/2

[Event "Scarborough CC Falling Leaves"]
[Site "Toronto CAN"]
[Date "2011.11.10"]
[Round "2"]
[White "Bao, Stephen"]
[Black "Krupka, David"]
[Result "0-1"]
[WhiteElo "1852"]
[BlackElo "1992"]
[PlyCount "90"]
[GameId "2160767909639347"]
[EventDate "2011.11.03"]
[EventType "swiss"]
[EventRounds "7"]
[EventCountry "CAN"]

1. Nf3 Nf6 2. g3 g6 3. Bg2 Bg7 4. O-O O-O 5. d4 d6 6. Nbd2 Nfd7 7. c3 c5 8. e3 Nc6 9. b3 Rb8 10. Bb2 b5 11. Qc2 d5 12. Rfd1 c4 13. e4 e6 14. e5 f6 15. exf6 Qxf6 16. bxc4 bxc4 17. Ba3 Re8 18. Bd6 Rb6 19. Bf4 h6 20. h4 Qf7 21. Nf1 Nf6 22. Be3 Ng4 23. Bf4 Nf6 24. Ne5 Nxe5 25. Bxe5 Ng4 26. Bxg7 Kxg7 27. Nh2 Nxh2 28. Kxh2 g5 29. Bh3 gxh4 30. Rg1 Kh8 31. Qd2 Qf6 32. gxh4 Rf8 33. Raf1 Rb7 34. f4 Rg7 35. Rxg7 Qxg7 36. Qg2 Qxg2+ 37. Kxg2 Kg7 38. Kf3 Kf6 39. Rb1 Rf7 40. Rb8 Rc7 41. a3 Kg6 42. Rb1 Kf6 43. Bg4 Rc6 44. Bh5 Ra6 45. Ra1 Rb6 0-1

[Event "Scarborough CC Falling Leaves"]
[Site "Toronto CAN"]
[Date "2011.11.10"]
[Round "2"]
[White "Bellissimo, Joseph"]
[Black "Lamb, Bryan"]
[Result "1/2-1/2"]
[WhiteElo "1933"]
[BlackElo "2153"]
[PlyCount "95"]
[GameId "2160767909639348"]
[EventDate "2011.11.03"]
[EventType "swiss"]
[EventRounds "7"]
[EventCountry "CAN"]

1. e4 c5 2. Nf3 d6 3. d4 cxd4 4. Nxd4 Nf6 5. Nc3 g6 6. Be3 Bg7 7. f3 O-O 8. Qd2 Nc6 9. O-O-O Nxd4 10. Bxd4 Be6 11. Kb1 Qb8 12. g4 Rc8 13. h4 b5 14. g5 b4 15. Ne2 Nh5 16. Bxg7 Kxg7 17. Nd4 a5 18. Nxe6+ fxe6 19. Bh3 Kf7 20. e5 Ra6 21. Qe2 Rac6 22. exd6 Rxd6 23. Rxd6 Qxd6 24. Rd1 Qb6 25. Qe4 a4 26. Re1 Rc6 27. Bg4 Ng7 28. Qf4+ Nf5 29. Bxf5 exf5 30. Qe5 Re6 31. Qxe6+ Qxe6 32. Rxe6 Kxe6 33. c3 bxc3 34. bxc3 Kd5 35. Kb2 e5 36. Kc2 e4 37. fxe4+ Kxe4 38. Kd2 f4 39. Ke2 a3 40. c4 Kd4 41. Kf3 Kxc4 42. Kxf4 Kc3 43. Ke3 Kc2 44. Ke2 Kb2 45. Kd2 Kxa2 46. Kc2 Ka1 47. Kc1 Ka2 48. Kc2 1/2-1/2

[Event "Scarborough CC Falling Leaves"]
[Site "Toronto CAN"]
[Date "2011.11.10"]
[Round "2"]
[White "Fan, Yibing"]
[Black "Armstrong, Robert J"]
[Result "0-1"]
[WhiteElo "1745"]
[BlackElo "1724"]
[PlyCount "96"]
[GameId "2160767909639349"]
[EventDate "2011.11.03"]
[EventType "swiss"]
[EventRounds "7"]
[EventCountry "CAN"]

1. d4 g6 2. c4 Bg7 3. Nc3 Nf6 4. e4 d6 5. Nge2 O-O 6. Ng3 Nc6 7. d5 Nb4 8. a3 Na6 9. Be3 e6 10. Be2 exd5 11. cxd5 Re8 12. Bxa6 bxa6 13. f3 Bd7 14. Qd3 Qc8 15. O-O Qb7 16. b4 Bb5 17. Nxb5 axb5 18. Rac1 a5 19. Bd2 axb4 20. Bxb4 Nd7 21. f4 Ra6 22. h4 Qa7+ 23. Kh2 Rb8 24. Rc2 Bd4 25. h5 Bc5 26. Qe2 c6 27. e5 cxd5 28. e6 Nf6 29. f5 g5 30. h6 Bxb4 31. axb4 Qd4 32. Qxb5 Rab6 33. Rfc1 Qh4+ 34. Kg1 Qd4+ 35. Kf1 Qf4+ 36. Ke2 Qxc1 37. exf7+ Kf8 38. Qd3 Qa1 39. Qe3 Qe5 40. Kf3 Qxe3+ 41. Kxe3 Rxb4 42. Rc7 d4+ 43. Kd3 Rb3+ 44. Kxd4 Rxg3 45. Rc6 Rb4+ 46. Rc4 Rg4+ 47. Ke3 Rgxc4 48. Kd3 Ng4 0-1

[Event "Scarborough CC Falling Leaves"]
[Site "Toronto CAN"]
[Date "2011.11.10"]
[Round "2"]
[White "Lin, Tony (Juntao)"]
[Black "Uddin, Mohammad"]
[Result "1-0"]
[WhiteElo "2024"]
[BlackElo "1826"]
[PlyCount "59"]
[GameId "2160767909639350"]
[EventDate "2011.11.03"]
[EventType "swiss"]
[EventRounds "7"]
[EventCountry "CAN"]

1. d4 Nf6 2. Nf3 e6 3. Bg5 d5 4. e3 h6 5. Bh4 Be7 6. Bd3 O-O 7. Nbd2 c5 8. c3 Nbd7 9. O-O Re8 10. Ne5 Nxe5 11. dxe5 Nd7 12. Bxe7 Rxe7 13. Qh5 Qb6 14. Rab1 Re8 15. Nf3 a5 16. a4 Qc7 17. Rfd1 b6 18. e4 c4 19. Bc2 Bb7 20. Rd4 Rad8 21. exd5 exd5 22. Re1 Nf8 23. Rg4 Bc8 24. Rg3 Kh8 25. Re3 Re7 26. Nd4 Bd7 27. Rxg7 Kxg7 28. Rg3+ Ng6 29. Bxg6 fxg6 30. Qxg6+ 1-0

[Event "Scarborough CC Falling Leaves"]
[Site "Toronto CAN"]
[Date "2011.11.10"]
[Round "2"]
[White "Nasirov, Ilyas"]
[Black "Paterson, Jim"]
[Result "1-0"]
[WhiteElo "2062"]
[BlackElo "1846"]
[PlyCount "117"]
[GameId "2160767909639351"]
[EventDate "2011.11.03"]
[EventType "swiss"]
[EventRounds "7"]
[EventCountry "CAN"]

1. d4 Nf6 2. c4 e6 3. Nc3 c5 4. d5 exd5 5. cxd5 d6 6. e4 a6 7. a4 g6 8. Bd3 Bg7 9. Nf3 O-O 10. O-O Nbd7 11. Bf4 Qc7 12. Nd2 Ne8 13. Nc4 Ne5 14. Bxe5 Bxe5 15. Nxe5 dxe5 16. Qd2 Nd6 17. a5 Bd7 18. f4 f6 19. fxe5 fxe5 20. Qg5 Nf7 21. Qe7 Rae8 22. Qf6 Qd6 23. Qh4 Qe7 24. Qxe7 Rxe7 25. d6 Nxd6 26. Nd5 Ref7 27. Rxf7 Rxf7 28. Rc1 c4 29. Bxc4 Nxc4 30. Rxc4 Bb5 31. Rc1 Kg7 32. h3 Bd3 33. Nc3 Rc7 34. Rd1 Bc4 35. Rd6 Kf7 36. Nd5 Bxd5 37. exd5 Ke8 38. Rb6 Rd7 39. Re6+ Re7 40. Rb6 Rd7 41. d6 Kf7 42. Kf2 Ke6 43. Ke3 Kd5 44. Kd3 h6 45. Ke3 Rxd6 46. Rxb7 Rc6 47. Rb6 Rxb6 48. axb6 Kc6 49. Ke4 Kxb6 50. Kxe5 Kb5 51. Kf6 Kb4 52. Kxg6 Kb3 53. Kxh6 Kxb2 54. g4 a5 55. g5 a4 56. g6 a3 57. g7 a2 58. g8=Q a1=Q 59. Qg7+ 1-0

[Event "Scarborough CC Falling Leaves"]
[Site "Toronto CAN"]
[Date "2011.11.10"]
[Round "2"]
[White "Posaratnanathan, Juliaan"]
[Black "Picana, Andrew"]
[Result "0-1"]
[WhiteElo "1878"]
[BlackElo "2055"]
[PlyCount "69"]
[GameId "2160767909639352"]
[EventDate "2011.11.03"]
[EventType "swiss"]
[EventRounds "7"]
[EventCountry "CAN"]

1. e4 c5 2. Nf3 d6 3. d4 cxd4 4. Nxd4 Nf6 5. Nc3 Nc6 6. Bg5 Qa5 7. Bb5 Bd7 8. Nb3 Qc7 9. O-O a6 10. Be2 e6 11. f4 Be7 12. Kh1 Rd8 13. Qe1 Nb8 14. Qg3 Bc6 15. e5 Nd5 16. Ne4 g6 17. exd6 Bxd6 18. Bxd8 Qxd8 19. c4 Nf6 20. Nxd6+ Qxd6 21. Rad1 Qe7 22. f5 O-O 23. fxg6 hxg6 24. Nd4 Be4 25. Bd3 Bxd3 26. Rxd3 Nbd7 27. Qg5 Kg7 28. Rh3 Ng8 29. Qe3 Qc5 30. Qc3 e5 31. Nf3 f6 32. Nh4 Ne7 33. Rg3 Rh8 34. Qd3 Nf8 35. Nf5+ 0-1

[Event "Scarborough CC Falling Leaves"]
[Site "Toronto CAN"]
[Date "2011.11.10"]
[Round "2"]
[White "Southam, David"]
[Black "Sharpe, Sam"]
[Result "1-0"]
[WhiteElo "2154"]
[BlackElo "1940"]
[PlyCount "131"]
[GameId "2160767909639353"]
[EventDate "2011.11.03"]
[EventType "swiss"]
[EventRounds "7"]
[EventCountry "CAN"]

1. d4 Nf6 2. c4 c5 3. d5 b5 4. cxb5 a6 5. bxa6 g6 6. Nc3 Bxa6 7. e4 Bxf1 8. Kxf1 d6 9. Nge2 Bg7 10. h3 Nbd7 11. Kg1 Nb6 12. Kh2 O-O 13. Qc2 Nfd7 14. Rd1 Qb8 15. Kg1 Qb7 16. Rb1 Rfb8 17. b3 Qa6 18. Bg5 Nc8 19. Be3 Ndb6 20. Rd2 Rb7 21. Rbd1 Na7 22. f4 Nb5 23. Nxb5 Qxb5 24. e5 c4 25. Nd4 cxb3 26. axb3 Qa6 27. Nc6 Rc8 28. exd6 exd6 29. Bxb6 Qxb6+ 30. Kh1 Re8 31. b4 Qe3 32. f5 Be5 33. Re2 Qb6 34. Rde1 Rc7 35. Qd3 Rxc6 36. dxc6 Qxc6 37. b5 Qb6 38. Rf1 Rb8 39. Rb1 Kg7 40. Qd5 Qd4 41. Qxd4 Bxd4 42. fxg6 hxg6 43. Re7 Kf6 44. Rc7 Ke6 45. g3 Be5 46. Kg2 f6 47. b6 d5 48. Ra7 Bd4 49. Ra6 Rb7 50. h4 f5 51. Kf3 Ke5 52. Rb5 Kd6 53. Raa5 Bxb6 54. Rxd5+ Ke6 55. Re5+ Kf6 56. Rab5 Bc7 57. Rxb7 Bxe5 58. g4 fxg4+ 59. Kxg4 Bd6 60. Rd7 Ke6 61. Rb7 Be7 62. Rb6+ Kf7 63. Rc6 Bf6 64. Rc7+ Ke6 65. Rb7 Ke5 66. Rb6 1-0

[Event "Scarborough CC Falling Leaves"]
[Site "Toronto CAN"]
[Date "2011.11.10"]
[Round "2"]
[White "Stavropoulos, Greg"]
[Black "Ugodnikov, Arkadiy"]
[Result "1/2-1/2"]
[WhiteElo "1819"]
[BlackElo "1814"]
[PlyCount "99"]
[GameId "2160767909639354"]
[EventDate "2011.11.03"]
[EventType "swiss"]
[EventRounds "7"]
[EventCountry "CAN"]

1. c4 Nf6 2. Nf3 g6 3. g3 Bg7 4. Bg2 O-O 5. O-O Re8 6. Nc3 d5 7. cxd5 Nxd5 8. Qb3 Nxc3 9. dxc3 c6 10. Ng5 Rf8 11. Be3 Qc7 12. Rfd1 h6 13. Ne4 Be6 14. Qc2 Bf5 15. Qc1 Kh7 16. Bd4 Nd7 17. Bxg7 Kxg7 18. Qe3 Nf6 19. Nxf6 exf6 20. Bf3 Rfe8 21. Qc5 Qb6 22. Qxb6 axb6 23. a3 Rad8 24. Rd4 Rxd4 25. cxd4 Be6 26. Rc1 Rd8 27. e3 g5 28. Kf1 f5 29. Ke2 b5 30. Rc5 Kf6 31. Kd2 f4 32. Kc3 fxe3 33. fxe3 Ke7 34. e4 Rc8 35. d5 Kd6 36. Kd4 cxd5 37. Rxc8 Bxc8 38. e5+ Kc7 39. Bxd5 Be6 40. Bxe6 fxe6 41. Kc5 b4 42. axb4 h5 43. b5 b6+ 44. Kd4 Kd7 45. h4 gxh4 46. gxh4 Ke7 47. Ke4 Kf7 48. Kf4 Kg6 49. b3 Kh6 50. Ke4 1/2-1/2

[Event "Scarborough CC Falling Leaves"]
[Site "Toronto CAN"]
[Date "2011.11.10"]
[Round "2"]
[White "Wu, Kevin"]
[Black "Huston, Scott"]
[Result "1-0"]
[WhiteElo "1984"]
[BlackElo "1815"]
[PlyCount "45"]
[GameId "2160767909639355"]
[EventDate "2011.11.03"]
[EventType "swiss"]
[EventRounds "7"]
[EventCountry "CAN"]

1. e4 c5 2. Na3 a6 3. c3 d5 4. exd5 Qxd5 5. Nf3 Bg4 6. Be2 Nf6 7. O-O e6 8. Nc2 Bd6 9. Ne3 Qh5 10. Nxg4 Nxg4 11. h3 Ne5 12. d4 Ned7 13. Ng5 Qh4 14. g3 Bxg3 15. fxg3 Qxg3+ 16. Kh1 h6 17. Bf4 Qh4 18. Nxf7 Rf8 19. Nd6+ Ke7 20. Bh2 Nc6 21. dxc5 Nxc5 22. Nc8+ Ke8 23. Bh5+ 1-0

[Event "Scarborough CC Falling Leaves"]
[Site "Toronto CAN"]
[Date "2011.11.17"]
[Round "3"]
[White "Armstrong, Robert J"]
[Black "Bao, Stephen"]
[Result "1/2-1/2"]
[WhiteElo "1724"]
[BlackElo "1852"]
[PlyCount "49"]
[GameId "2160767909639356"]
[EventDate "2011.11.03"]
[EventType "swiss"]
[EventRounds "7"]
[EventCountry "CAN"]

1. d4 Nf6 2. c4 e6 3. Nf3 d5 4. e3 c6 5. Bd3 dxc4 6. Bxc4 b5 7. Bd3 Bb7 8. O-O Be7 9. Nc3 O-O 10. b3 a6 11. Bb2 Nbd7 12. e4 c5 13. Bc2 cxd4 14. Nxd4 Qb6 15. Re1 Bc5 16. e5 Bxd4 17. exf6 Bxf2+ 18. Kh1 Nxf6 19. Ne4 Nxe4 20. Rxe4 Bxe4 21. Bxe4 Rad8 22. Bxh7+ Kxh7 23. Qh5+ Kg8 24. Bxg7 Kxg7 25. Qg5+ 1/2-1/2

[Event "Scarborough CC Falling Leaves"]
[Site "Toronto CAN"]
[Date "2011.11.17"]
[Round "3"]
[White "Huston, Scott"]
[Black "Fan, Yibing"]
[Result "0-1"]
[WhiteElo "1815"]
[BlackElo "1745"]
[PlyCount "52"]
[GameId "2160767909639357"]
[EventDate "2011.11.03"]
[EventType "swiss"]
[EventRounds "7"]
[EventCountry "CAN"]

1. d4 Nf6 2. c4 e6 3. Nf3 d5 4. Nc3 dxc4 5. e4 Nbd7 6. Bg5 Be7 7. Bxc4 Nb6 8. Bb3 O-O 9. O-O c6 10. Qd3 Nfd5 11. exd5 Bxg5 12. Nxg5 Qxg5 13. dxe6 Bxe6 14. Bxe6 fxe6 15. Ne4 Qg6 16. Rae1 Rad8 17. Qa3 Nc4 18. Qxa7 Nxb2 19. Nc5 Nd3 20. Nxd3 Qxd3 21. Qxb7 Qc4 22. Rc1 Qxa2 23. Rxc6 Rxd4 24. Rc7 Qxf2+ 25. Rxf2 Rd1+ 26. Rf1 Rdxf1# 0-1

[Event "Scarborough CC Falling Leaves"]
[Site "Toronto CAN"]
[Date "2011.11.17"]
[Round "3"]
[White "Lin, Tony (Juntao)"]
[Black "Southam, David"]
[Result "1-0"]
[WhiteElo "2024"]
[BlackElo "2154"]
[PlyCount "113"]
[GameId "2160767909639358"]
[EventDate "2011.11.03"]
[EventType "swiss"]
[EventRounds "7"]
[EventCountry "CAN"]

1. d4 e6 2. Nc3 d5 3. e4 Bb4 4. e5 c5 5. a3 Bxc3+ 6. bxc3 Qc7 7. Nf3 b6 8. Bb5+ Bd7 9. Be2 Ba4 10. Ra2 Nd7 11. O-O h6 12. Ne1 Ne7 13. f4 O-O-O 14. Be3 Kb7 15. Kh1 Rc8 16. Bg1 Ka8 17. Ba6 Rcg8 18. Bd3 c4 19. Be2 f5 20. exf6 gxf6 21. Bh5 Rg7 22. Qe2 Qd6 23. h3 f5 24. Bh2 Nf6 25. Bf3 Bc6 26. Qe5 Qxe5 27. fxe5 Ne4 28. Bxe4 dxe4 29. a4 Nd5 30. Ra3 h5 31. Kg1 h4 32. Kf2 Rhg8 33. Ke2 Kb7 34. Bf4 Ka6 35. a5 bxa5 36. Bd2 a4 37. Bf4 Kb7 38. Bd2 Kc7 39. Bf4 Kd7 40. Bd2 Rb8 41. Bf4 Rb1 42. Kd2 Rg3 43. Ke2 Rb8 44. Kd2 Nc7 45. Be3 Nd5 46. Bf4 Bb5 47. Ke2 Rbg8 48. Kd2 Bc6 49. Ke2 Rf8 50. Kd2 Rf7 51. Ke2 Nc7 52. Kd2 a6 53. Be3 Bb5 54. Rf4 Rh7 55. Bf2 Rh6 56. Be3 Nd5 57. Rf1 1-0

[Event "Scarborough CC Falling Leaves"]
[Site "Toronto CAN"]
[Date "2011.11.17"]
[Round "3"]
[White "Paterson, Jim"]
[Black "Stavropoulos, Greg"]
[Result "1/2-1/2"]
[WhiteElo "1846"]
[BlackElo "1819"]
[PlyCount "71"]
[GameId "2160767909639359"]
[EventDate "2011.11.03"]
[EventType "swiss"]
[EventRounds "7"]
[EventCountry "CAN"]

1. d4 Nf6 2. Nf3 g6 3. g3 Bg7 4. Bg2 O-O 5. c4 c5 6. O-O cxd4 7. Nxd4 Nc6 8. Nc2 d6 9. e4 Be6 10. Nd2 Qd7 11. Qe2 Bh3 12. f3 Bxg2 13. Kxg2 Rac8 14. Rb1 b6 15. b3 Qb7 16. Bb2 e6 17. Qe3 Rfd8 18. Qg5 h6 19. Qe3 Na5 20. Bxf6 Bxf6 21. Qxh6 d5 22. exd5 exd5 23. Ne3 Bg7 24. Qf4 dxc4 25. Nexc4 Nxc4 26. Nxc4 b5 27. Nd6 Rc2+ 28. Kh1 Qe7 29. Qe4 Qxe4 30. Nxe4 Rxa2 31. Rfd1 Re8 32. g4 f5 33. gxf5 gxf5 34. Ng3 Be5 35. Rg1 Kf7 36. Rg2 1/2-1/2

[Event "Scarborough CC Falling Leaves"]
[Site "Toronto CAN"]
[Date "2011.11.17"]
[Round "3"]
[White "Picana, Andrew"]
[Black "Krupka, David"]
[Result "1-0"]
[WhiteElo "2055"]
[BlackElo "1992"]
[PlyCount "65"]
[GameId "2160767909639360"]
[EventDate "2011.11.03"]
[EventType "swiss"]
[EventRounds "7"]
[EventCountry "CAN"]

1. Nf3 Nf6 2. c4 g6 3. g3 Bg7 4. Bg2 O-O 5. d4 d6 6. O-O Nc6 7. Nc3 a6 8. Bg5 h6 9. Bf4 Rb8 10. d5 Na5 11. Qd3 c5 12. b3 Bd7 13. e4 b5 14. cxb5 axb5 15. Rfe1 Nh5 16. Rad1 Nxf4 17. gxf4 b4 18. Ne2 Bb5 19. Qe3 Qb6 20. Nd2 c4 21. Qg3 c3 22. Nf3 Rfc8 23. e5 Rc5 24. Nfd4 c2 25. Rc1 Bxe2 26. Nxe2 dxe5 27. fxe5 Qc7 28. f4 e6 29. dxe6 Qb6 30. exf7+ Kxf7 31. Kh1 Kg8 32. Be4 g5 33. Rg1 1-0

[Event "Scarborough CC Falling Leaves"]
[Site "Toronto CAN"]
[Date "2011.11.17"]
[Round "3"]
[White "Rutherdale, William"]
[Black "Song, Lin"]
[Result "1/2-1/2"]
[WhiteElo "1703"]
[BlackElo "1863"]
[PlyCount "81"]
[GameId "2160767909639361"]
[EventDate "2011.11.03"]
[EventType "swiss"]
[EventRounds "7"]
[EventCountry "CAN"]

1. d4 Nf6 2. c4 g6 3. Nc3 Bg7 4. Nf3 O-O 5. g3 d6 6. Bg2 Nc6 7. O-O e5 8. d5 Ne7 9. e4 Ne8 10. Be3 f5 11. Ne1 Nf6 12. Qd2 Ng4 13. Bg5 h6 14. h3 hxg5 15. hxg4 f4 16. f3 Bf6 17. Kf2 Kg7 18. Nd3 Rh8 19. Rh1 Bd7 20. Rxh8 Qxh8 21. Rh1 Qf8 22. Ne2 Ng8 23. Qb4 b6 24. Qc3 a5 25. Qc1 Nh6 26. Rh2 Qf7 27. Qh1 Rh8 28. a3 Bxg4 29. Bh3 Bxh3 30. Rxh3 Be7 31. g4 Qg8 32. Nc3 c6 33. Ke2 Qc8 34. Kd2 Bd8 35. b3 c5 36. Nb5 Bc7 37. Na7 Qa6 38. Nb5 Bb8 39. a4 Qc8 40. Nc3 Rh7 41. Nb5 1/2-1/2

[Event "Scarborough CC Falling Leaves"]
[Site "Toronto CAN"]
[Date "2011.11.17"]
[Round "3"]
[White "Sharpe, Sam"]
[Black "Uddin, Mohammad"]
[Result "1-0"]
[WhiteElo "1940"]
[BlackElo "1826"]
[PlyCount "30"]
[GameId "2160767909639362"]
[EventDate "2011.11.03"]
[EventType "swiss"]
[EventRounds "7"]
[EventCountry "CAN"]

1. d4 Nf6 2. c4 e6 3. g3 d5 4. Nf3 a6 5. Bg2 Be7 6. O-O O-O 7. Nc3 Nc6 8. Ne5 Qd6 9. Bf4 Qb4 10. a3 Qxb2 11. Na4 Qxd4 12. Nxc6 Qxd1 13. Nxe7+ Kh8 14. Rfxd1 Re8 15. Nxc8 Raxc8 1-0